02706nam a2200505 c 450000100060000000300100000600500170001600700030003300800570003602000180009304000350011104100080014604300120015408200250016610000350019124501100022625000230033625000220035926400500038130000180043133600270044933700330047633800280050949000160053750000600055350510640061352100530167765000310173065000320176165000380179365000570183170000250188870000170191370000210193070000220195170000210197370000190199470000320201370000250204570000280207070000220209870000260212070000280214670000260217458568CO-BoRNBP20250826215612.0ta210828s2016 ck er dspa d spa a9789589136911 aCO-BoRNBPbspaerdacCO-BoRNBP0 aspa as-ck---04a305.409861bV32m222 aVieira Quijano, Constanzaeaut10aMujeres :bpaz, política y poder /cConstanza Vieira Quijano ; Chila Pineda Arboleda... [y otras doce]. aEdición especial aPrimera edición 1aBogotá, Colombia :bEdiciones Aurora,c2016 a339 páginas atextobtxt2rdacontent asin mediaciónbn2rdamedia avolumenbnc2rdacarrier0 aEntrevistas aIncluye datos biográficos de las autoras en la solapa0 tLa falla absoluta es la política socialrCecilia LópeztMujer, negra, rebelde y de izquierdarPiedad CórdobatNo podemos dejar seguir dejando al mundo en las manos de los hombresrFlorence ThomastLos acuerdos de paz fortalecerán la democraciarClara LópeztLas mujeres no solo debemos luchar por nuestra liberación sino también por todas las pobreríasrVictoria SandinotHay que buscar que las leyes pasen del escritorio al territoriorAngela María RobledotLas victimas nunca han escrito su historiarAida AvellatNosotros somos distintos porque respetamos al otro que es distintorLeonor ZalabatatUno diría que la violencia, cada diez años, parece que regresarOlga Lucia QuinterotDebemos apuntarle a la paz, sencillamente porque es necesariarMaría Isabel UrrutiatUna justicia neutra respecto al género, es una justicia que reproduce la discriminaciónrJuanita BarretotLa lucha por la tierra deberá ser tan importante como luchar por la historia de la lucha por la tierra: ahí es donde está la culturarPatricia Ariza1 aRecomendado para un público mayor de 15 años07aDerechos de la mujer2lemb07aEducacion de la Mujer2LEMB07aParticipación de la mujer2lemb07aMujeresxAspectos políticosxInvestigaciones2LEMB aAriza, Patriciaeaut aAvella, Aida aBarreto, Juanita aCórdoba, Piedad aLópez, Cecilia aLópez, Clara aPineda Arboleda, Chilaeaut aQuintero, Olga Lucia aRobledo, Angela María aSandino, Victoria aThomas, Florenceeaut aUrrutia, María Isabel aZalabata, Leonoreaut